| 000 | 00523nam a2200145Ia 4500 | ||
|---|---|---|---|
| 008 | 100204s9999 xx 000 0 und d | ||
| 082 | _b6910 | ||
| 100 | _a"राष्ट्रीय चरित्रमाला, पुणे" | ||
| 245 | _aमहर्षि कर्वे | ||
| 260 |
_b"राष्ट्रीय चरित्रमाला , पुणे" _c1983 |
||
| 300 | _a54 | ||
| 630 | _aमहर्षि कर्वे | ||
| 730 | _aमहर्षि कर्वे | ||
| 942 | _cBOOK | ||
| 999 |
_c451348 _d451345 |
||